01198nas a2200169 i 4500001001000000003001000010005001700020008004100037040003000078041000800108100003800116245007000154300006700224520054100291653001400832773018200846768714001CO-MdFUSB20221003154625.0221003s2014 ck ||||| |||| 00| 0 spa d bspacCO-MdFUSBdCO-MdFUSB aspa aQuintero Cardona, Walter, eautor 3aLa experiencia de fe en Dios como otroc/ Walter Quintero Cardona aNúmero 12, (Enero - Junio 2014), páginas157 - 173c; 20 cm aLa experiencia común de la fe cristiana- entendida como una elaboración compleja de su historia, que ha retomado desde sus orígenes la esperanza del pueblo de Israel y concluye con la redención del hijo de Dios, puede proporcionar otros sentidos de la fe primigenia. Estos permiten reconocer el rumbo y el valor de fe cristiana en la sociedad contemporánea, para que su consolidación no constituya nunca un conocimiento cerrado a la transcendencia inabarcable del misterio, a la alteridad absoluta de Dios que siempre otro. aAlteridad0 068226aPontificia Universidad JaverianaoR2119tReflexiones teológicas :w(CO-MdFUSB)768714001x2011-1991gNúmero 12, (Enero - Junio 2014), páginas157 - 173q páginas157